000 00443nam a2200145Ia 4500
008 231129s1999||||xx |||||||||||||| ||spa||
020 _a84-89897-26-3
040 _bspa
082 _a291.4 W412s
100 _aWegscheider-Cruse Sharon
245 0 _aSeñales del destino: Cómo reconocer e interpretar las claves de tu viaje por la vida
260 _c1999
264 _aArkano Books
942 _2ddc
_cBKS
999 _c24483
_d24483